000 00516nam a2200169Ia 4500
999 _c36742
_d36742
003 OSt
005 20210125093908.0
008 190216s9999||||xx |||||||||||||| ||und||
040 _coclc
082 _a378.076
_bKUM/U
100 _aKumar, Sajit
_98414
245 0 _aUGC Net / Slet For Lectureship Exam Paper 1 /
_cSajit Kumar ; M Gagan
260 _bDanika Publishing Company,
_c2005.
_aNew Delhi:
300 _a419p
650 _aPhysics
942 _cREF
_2ddc
_h378.076
_iKUM/U
_k378.076
_mKUM/U